000 00597nam a22001937a 4500
005 20150903113102.0
010 _aENG-113468
020 _c287.00
_a9788170545576
035 _aEN-97000
037 _bDBAD/PUB
082 _a332.632709543
100 _aParashar, Neha
245 _aMutual funds and investors /
_cby Neha Parashar
260 _aNew Delhi
_bClassical Publishing
_c2011
270 _a28, Shopping Centre, Karampura
_bNew Delhi
_e110056
300 _axv,286p.
_c22cm(Hb)
500 _aIncludes bibliographical references
942 _2ddc
_cEN
_mPAR
_h332.632709543
999 _c94897
_d94897